000 01009nam a2200277 a 4500
001 000035697
003 DO-SdBNP
005 20230124092458.0
007 ta
008 111108s2011 dr 000 0 spa d
020 _a9789945879407
040 _aDO-SdBNP
_bspa
_cBNPHU
082 4 _aRD861.508
_bN898a
_222
245 0 0 _aNostalgias de arena :
_bantología de escritores de las comunidades dominicanas en los Estados Unidos /
_ccoordinación Marino Ramírez ; edición Luís Martín Gómez.
260 _aSanto Domingo :
_bCondex,
_c2011.
300 _a208 p. ;
_c23 cm.
590 _aInventariado, 2022/MFF
590 _aLa biblioteca posee 3 ejemplar autografiado por el autor.
650 4 _aPoesía dominicana
_xColecciones
_9351
650 4 _aLiteratura dominicana
_xColecciones
_9352
650 4 _aAutores domincanos
_vBiografías
_981315
700 1 _aRamírez, Marino,
_ecoor.
_981375
700 1 _aGómez, Martín,
_eed.
_981376
910 _aValidado. Control de calidad MFF
942 _2ddc
_cLBS1
999 _c35188
_d35188